000 00347nam a2200133Ia 4500
008 220204s9999 xx 000 0 und d
082 _a582.28
_bAIN.1
245 0 _aFungi: An advanced treatise. V 1. The fungal cell
260 _aNew York
_bAcademic
_c1965
650 _aFungal growth
650 _aFungi
700 _aAINSWORTH, G C
942 _cBK
999 _c21176
_d21176